000 01033nam2a22002411 4500
001 v19\rc\1889912
005 20250620093015.0
035 _a(NLR Aleph) 005262954
090 _a5920329
_c5920329
100 _a20080221d1910 |||y0rusy50 ca
101 0 _arus
102 _aRU
105 _ay z |||||
200 0 _a... за 1912 г.
210 _aБаку
_d1910-1913
461 0 _1001v19\rc\1889909
_12001#$aОтчет Бакинского еврейского благотворительного общества "Эзрас-Ахим"...$v... за 1912 г.
_95920300
_a"Эзрас-Ахим", общество (Баку)
_cБаку
_d1910-1913
_p3 т.
_tОтчет Бакинского еврейского благотворительного общества "Эзрас-Ахим"...
_v... за 1912 г.
801 0 _aRU
_bNLR
_c20080221
_gpsbo
801 0 _aRU
_bRuMoRGB
_c20080221
_2psbo
801 1 _aRU
_bProSoft-M
_c20080221
_2rusmarc
801 2 _aRU
_bNLR
_c20080627
_2rusmarc
852 _aNLR
_j20.108.8.7(5)
942 _cBOOK
980 _aNB